=LDR 00000nam 2200000 4500 =001 INLIS000000000024578 =005 20130612123145 =008 ***********************************Ind** =035 ##$$0010-061300000024578 =041 ##$$a Ind =082 ##$$a 500 =090 ##$$a 500, Isk b =100 ##$$a Iskandar, Rani Y =245 ##$$a Bertualang ke Negeri Atmos, Rani Y Iskandar =260 ##$$a 2004 $b Bandung =300 ##$$a 28 hlm, ilus, 19 cm =650 ##$$a Ilmu Murni =850 ##$$a NBPNMAT